| 000 | 00578cam a2200217 4500 | ||
|---|---|---|---|
| 001 | 4615796 | ||
| 005 | 20180214091050.0 | ||
| 008 | 720829r19721952paua b 001 0 eng | ||
| 010 | _a 77183452 | ||
| 020 | _a0721655122 | ||
| 040 |
_aDLC _cDLC _dDLC |
||
| 041 | _aeng | ||
| 080 | _a615.854 MAR | ||
| 082 | 0 | 0 | _a615.854 MAR |
| 100 | 1 | _a9 | |
| 101 | _aNUT | ||
| 245 | 1 | 0 |
_aFood, nutrition and diet therapy _c[by] Marie V. Krause [and] Martha A. Hunscher. |
| 504 | _aIncludes bibliographies. | ||
| 906 |
_a7 _bcbc _corignew _d2 _encip _f19 _gy-gencatlg |
||
| 942 |
_2ddc _cBK |
||
| 999 |
_c42538 _d42538 |
||